[Event "Championnat de France des Jeunes - Pupillettes"]
[Site "MONTLUCON"]
[Date "2011.04.17"]
[Round "1.1"]
[White "Chung, Mathilde"]
[Black "Bigot, Lucie"]
[Result "1-0"]
[WhiteElo "1668"]
[BlackElo "1340"]
[Annotator ""]

1. d4 Nf6 2. Nf3 g6 3. c4 Bg7 4. Nc3 d5 5. cxd5 Nxd5 6. e4 Nxc3 7. bxc3 Nc6 8.
g3 e5 9. d5 Bg4 10. Bg2 Nb8 11. Ba3 c6 12. Qb3 Qb6 13. c4 Bxf3 14. Bxf3 Qd4 15.
O-O Qb6 16. Rfd1 Qxb3 17. axb3 b6 18. Bg4 c5 19. b4 O-O 20. bxc5 bxc5 21. Bxc5
Rd8 22. Rxa7 Rxa7 23. Bxa7 Na6 24. c5 Bf8 25. d6 h5 26. Bh3 g5 27. Bb6 Rb8 28.
Bf5 f6 29. d7 Nxc5 30. Bxc5 Bxc5 31. d8=Q+ Rxd8 32. Rxd8+ Kg7 33. Rd7+ Kg8 34.
Be6+ Kf8 35. Rf7+ Ke8 36. Rxf6 Ke7 37. Rh6 Bd6 38. Bf5 Kf7 39. Rxd6 Ke7 40. Rh6
h4 41. Kf1 hxg3 42. fxg3 Kf7 43. Ke2 Kg7 44. Ra6 Kf7 45. Kd3 Ke7 46. Kc4 Kd8
47. Ra7 Ke8 48. Kd5 Kf8 49. Ke6 Kg8 50. Kf6 Kh8 51. Ra8# 1-0

[Event "Championnat de France des Jeunes - Pupillettes"]
[Site "MONTLUCON"]
[Date "2011.04.17"]
[Round "1.2"]
[White "Breysse, Fiora"]
[Black "Broly, Mathilde"]
[Result "0-1"]
[WhiteElo "1330"]
[BlackElo "1634"]
[PlyCount "78"]

1. c4 e5 2. Nc3 d6 3. g3 Nc6 4. Bg2 g6 5. Nd5 Bg7 6. e3 f5 7. Ne2 Nf6 8. Nec3
a6 9. O-O O-O 10. b4 e4 11. Rb1 Ne5 12. f4 Nd3 13. b5 Nxd5 14. Nxd5 axb5 15.
cxb5 Be6 16. Nc3 Bxa2 17. Ra1 Bc4 18. Rxa8 Qxa8 19. Qa4 Qxa4 20. Nxa4 Bxb5 21.
Nc3 Bc4 22. h3 b5 23. g4 b4 24. Na4 Bb5 25. Nb2 Bxb2 26. Bxb2 Nxb2 27. Rb1 Nd3
28. Bf1 Rb8 29. gxf5 gxf5 30. Kg2 c5 31. h4 h5 32. Be2 Be8 33. Bxd3 exd3 34.
Kf3 Bg6 35. Rg1 Kf7 36. Rb1 b3 37. Kf2 Kf6 38. Ke1 Bf7 39. Kd1 b2 0-1

[Event "Championnat de France des Jeunes - Pupillettes"]
[Site "MONTLUCON"]
[Date "2011.04.17"]
[Round "1.3"]
[White "Schuller, Marine"]
[Black "Chachiachvili, Mariam"]
[Result "1/2-1/2"]
[WhiteElo "1617"]
[BlackElo "1330"]
[PlyCount "103"]

1. e4 e5 2. Nf3 Nc6 3. Bc4 Bc5 4. O-O Nf6 5. d3 h6 6. h3 d5 7. exd5 Nxd5 8. Re1
Qd6 9. Bxd5 Qxd5 10. Nc3 Qd6 11. Nb5 Qe7 12. Nxe5 Nxe5 13. d4 Qd7 14. Rxe5+ Be7
15. Qg4 Qxg4 16. hxg4 Rb8 17. Nxc7+ Kd7 18. Nb5 Bf6 19. Rf5 a6 20. Nd6 Kxd6 21.
Bf4+ Ke7 22. Rxf6 Kxf6 23. Bxb8 Bxg4 24. Be5+ Kg6 25. f3 Bf5 26. c3 f6 27. Bf4
Re8 28. Kf2 Kf7 29. Bd6 Re6 30. Bg3 Bd3 31. Re1 Rb6 32. b3 Rc6 33. c4 b5 34. d5
Rc8 35. Rc1 bxc4 36. bxc4 Rxc4 37. Rxc4 Bxc4 38. a4 Bxd5 39. Bc7 a5 40. Bxa5
Bb3 41. Ke3 Bxa4 42. g4 g6 43. Bd2 h5 44. gxh5 gxh5 45. Kf4 Kg6 46. Kg3 Bd1 47.
Be1 Kg5 48. Bd2+ Kg6 49. f4 Bc2 50. Kh4 Bd1 51. Be3 Kf5 52. Bd2 1/2-1/2

[Event "Championnat de France des Jeunes - Pupillettes"]
[Site "MONTLUCON"]
[Date "2011.04.17"]
[Round "1.4"]
[White "Fromherz, Audrey"]
[Black "Mutschler, Marie"]
[Result "0-1"]
[WhiteElo "1330"]
[BlackElo "1610"]
[PlyCount "84"]

1. e4 c5 2. Nf3 d6 3. Bc4 Nf6 4. Nc3 g6 5. O-O Bg7 6. a3 a5 7. b4 axb4 8. Nb5
Nxe4 9. d4 O-O 10. Bb2 cxd4 11. Nfxd4 bxa3 12. Rxa3 Rxa3 13. Nxa3 Qc7 14. Ndb5
Qc5 15. Nd4 Nc6 16. Nb3 Qa7 17. Nb5 Qa4 18. Bxg7 Kxg7 19. Qd3 Bf5 20. Bd5 Nf6
21. Qc3 Qxb5 22. Bxc6 Qxc6 23. Qe3 Qe4 24. Qc3 Qxc2 25. Qb4 Be6 26. Nd4 Qc4 27.
Nxe6+ Qxe6 28. Re1 Qd7 29. Re3 Rc8 30. h3 e5 31. Qh4 h5 32. Rf3 Qe6 33. Qb4 e4
34. Re3 h4 35. Qxb7 Rc1+ 36. Kh2 Qe5+ 37. g3 hxg3+ 38. Rxg3 Nh5 39. Kg2 Nxg3
40. fxg3 Rc2+ 41. Kf1 Qa1+ 42. Qb1 Qxb1# 0-1

[Event "Championnat de France des Jeunes - Pupillettes"]
[Site "MONTLUCON"]
[Date "2011.04.17"]
[Round "1.5"]
[White "Malferrari, Sofia"]
[Black "Hu, Jenny"]
[Result "1-0"]
[WhiteElo "1606"]
[BlackElo "1330"]
[PlyCount "29"]

1. e4 e6 2. Nf3 d5 3. e5 c5 4. b4 cxb4 5. d4 Nc6 6. a3 Bd7 7. axb4 Bxb4+ 8. c3
Ba5 9. Bd3 Nge7 10. O-O O-O 11. Bxh7+ Kxh7 12. Ng5+ Kg6 13. Qg4 Qb8 14. Nxe6+
Kh7 15. Qxg7# 1-0

[Event "Championnat de France des Jeunes - Pupillettes"]
[Site "MONTLUCON"]
[Date "2011.04.17"]
[Round "1.6"]
[White "Aussoleil, Jeanne"]
[Black "Le Bihan, Alison"]
[Result "0-1"]
[WhiteElo "1320"]
[BlackElo "1600"]
[PlyCount "54"]

1. e4 c5 2. Nf3 g6 3. c3 Bg7 4. d4 cxd4 5. cxd4 Nc6 6. d5 Ne5 7. Nd4 d6 8. Bf4
Nf6 9. Nc3 O-O 10. Bd3 Qb6 11. Nce2 Qxb2 12. O-O Nxd3 13. Qxd3 Nd7 14. Bg5 Re8
15. Nc3 Nc5 16. Qc4 b6 17. Nc6 Ba6 18. Qb4 Qxb4 19. Nxb4 Bxf1 20. Kxf1 Bxc3 21.
Rb1 Nxe4 22. Rb3 Nd2+ 23. Bxd2 Bxd2 24. Na6 Rec8 25. Rb2 Ba5 26. Re2 Rc1+ 27.
Re1 Rxe1# 0-1

[Event "Championnat de France des Jeunes - Pupillettes"]
[Site "MONTLUCON"]
[Date "2011.04.17"]
[Round "1.7"]
[White "Leriche, Ines"]
[Black "Ringayen, Rose-May"]
[Result "1-0"]
[WhiteElo "1585"]
[BlackElo "1320"]
[PlyCount "111"]

1. Nf3 Nc6 2. d4 d5 3. g3 Nf6 4. Bg2 e6 5. c4 Bb4+ 6. Bd2 Bxd2+ 7. Nbxd2 Ne4 8.
Rc1 O-O 9. O-O Nxd2 10. Qxd2 Re8 11. Rfd1 dxc4 12. Rxc4 h6 13. e4 Qd7 14. Qc2
Qe7 15. a3 e5 16. dxe5 Nxe5 17. Rxc7 Nxf3+ 18. Bxf3 Qf6 19. Bg2 Bg4 20. Re1
Rac8 21. b4 Qe5 22. Rc1 Red8 23. f3 Be6 24. Qc5 Qxc7 25. Qxc7 Rxc7 26. Rxc7 Rd7
27. Rxd7 Bxd7 28. Kf2 g6 29. Ke3 Kg7 30. Kd4 b5 31. f4 h5 32. e5 Kf8 33. Kc5
Ke7 34. Bc6 Bxc6 35. Kxc6 Kd8 36. Kxb5 Kc7 37. Ka6 Kb8 38. h3 Kc7 39. Kxa7 Kc6
40. a4 Kd7 41. b5 Ke6 42. b6 Kf5 43. b7 Ke4 44. b8=Q Kf3 45. Qb3+ Kg2 46. g4
hxg4 47. hxg4 Kf2 48. f5 gxf5 49. gxf5 Ke2 50. e6 fxe6 51. fxe6 Kf2 52. e7 Kg2
53. e8=R Kf2 54. Qf7+ Kg3 55. Rg8+ Kh4 56. Qh7# 1-0

[Event "Championnat de France des Jeunes - Pupillettes"]
[Site "MONTLUCON"]
[Date "2011.04.17"]
[Round "1.8"]
[White "Gregot, Eva"]
[Black "Tournebise, Nikita"]
[Result "0-1"]
[WhiteElo "1310"]
[BlackElo "1560"]
[PlyCount "128"]

1. d4 d5 2. c4 dxc4 3. Nc3 Nf6 4. e3 e6 5. Bxc4 b6 6. Nf3 Bb4 7. Bd2 O-O 8. d5
Bxc3 9. Bxc3 exd5 10. Bxf6 Qxf6 11. Bxd5 Nc6 12. Ne5 Qxe5 13. Bxc6 Qa5+ 14. Qd2
Qxd2+ 15. Kxd2 Rd8+ 16. Ke2 Ba6+ 17. Kf3 Rab8 18. Rad1 h6 19. Rhe1 Bc4 20. b3
Be6 21. Be4 h5 22. h3 c5 23. Bd3 g6 24. Bc4 Bxc4 25. bxc4 a6 26. Rxd8+ Rxd8 27.
Rc1 Rc8 28. a4 Kg7 29. Rb1 Rb8 30. a5 b5 31. Ke4 Kf6 32. Kd5 Ke7 33. Kxc5 Rc8+
34. Kb4 Rxc4+ 35. Kb3 Ra4 36. Rc1 Kd6 37. Rd1+ Ke5 38. Rd7 Ke6 39. Rb7 Rxa5 40.
Rb6+ Kd5 41. Rf6 Ra4 42. Rxf7 a5 43. Rd7+ Ke6 44. Rd4 Rxd4 45. exd4 Kd5 46. Kc3
a4 47. Kb4 Kxd4 48. g4 Ke4 49. gxh5 gxh5 50. Kc3 a3 51. h4 b4+ 52. Kb3 Kf3 53.
Ka2 Kxf2 54. Kb1 Kg3 55. Ka1 Kxh4 56. Kb1 Kg3 57. Ka2 h4 58. Ka1 h3 59. Ka2 h2
60. Kb3 h1=Q 61. Kxb4 Qc1 62. Kb3 Qb2+ 63. Ka4 a2 64. Ka5 a1=R# 0-1

[Event "Championnat de France des Jeunes - Pupillettes"]
[Site "MONTLUCON"]
[Date "2011.04.17"]
[Round "1.9"]
[White "Hug, Roxana"]
[Black "Grothe, Alice"]
[Result "1-0"]
[WhiteElo "1550"]
[BlackElo "1310"]
[PlyCount "73"]

1. e4 d6 2. d4 Nf6 3. Nc3 g6 4. Nf3 Bg7 5. Bc4 O-O 6. Be3 Bg4 7. h3 Bxf3 8.
Qxf3 Nbd7 9. O-O-O c6 10. g4 b5 11. Bb3 a5 12. a3 a4 13. Ba2 Qa5 14. Bd2 Qb6
15. Ne2 c5 16. Be3 b4 17. dxc5 Nxc5 18. axb4 Qxb4 19. Bxc5 dxc5 20. e5 Bh6+ 21.
Kb1 a3 22. Bb3 c4 23. Rd4 axb2 24. Ba2 Rxa2 25. Kxa2 Qa4+ 26. Qa3 Qxc2 27. Rb1
Bc1 28. exf6 Qxe2 29. fxe7 Re8 30. Rd8 c3 31. Rxe8+ Kg7 32. Qxc3+ f6 33. Qc6
Qxf2 34. Ra8 f5 35. e8=Q fxg4 36. Qc3+ Qf6 37. Qf8# 1-0

[Event "Championnat de France des Jeunes - Pupillettes"]
[Site "MONTLUCON"]
[Date "2011.04.17"]
[Round "1.10"]
[White "Pisano, Ninon"]
[Black "Guerin, Juliette"]
[Result "0-1"]
[WhiteElo "1310"]
[BlackElo "1530"]
[PlyCount "60"]

1. e4 e5 2. Nf3 Nc6 3. Bc4 Bc5 4. d3 Nf6 5. Ng5 O-O 6. Qf3 Nd4 7. Qh3 d5 8.
Bxd5 Bxh3 9. Kd1 Bg4+ 10. f3 Bh5 11. Be3 Nxf3 12. Bxc5 Nxg5+ 13. Ke1 Re8 14.
Nc3 c6 15. Bc4 a5 16. Rf1 b5 17. Rf5 h6 18. b3 bxc4 19. bxc4 a4 20. Rb1 Ne6 21.
Rxe5 Nxc5 22. Rxc5 Qd4 23. Ne2 Qxc5 24. d4 Qxc4 25. Kf1 Qxe2+ 26. Kg1 Nxe4 27.
h3 Qf2+ 28. Kh1 Ng3+ 29. Kh2 Re2 30. Rh1 Qxg2# 0-1

[Event "Championnat de France des Jeunes - Pupil"]
[Site "MONTLUCON"]
[Date "2011.04.18"]
[Round "2.1"]
[White "Guyon, Sophie"]
[Black "Chung, Mathilde"]
[Result "1/2-1/2"]
[WhiteElo "1400"]
[BlackElo "1668"]
[PlyCount "87"]
[EventDate "2011.??.??"]

1. e4 c5 2. Nf3 Nc6 3. d4 cxd4 4. Nxd4 Nf6 5. Nc3 e5 6. Nf3 d6 7. Bg5 Be7 8.
Bc4 O-O 9. h3 a6 10. a3 b5 11. Ba2 Kh8 12. O-O Bb7 13. Qd2 Rc8 14. Rac1 Ne8 15.
Bxe7 Nxe7 16. Rfd1 h6 17. Nxe5 Kg8 18. Qd3 Qc7 19. Nf3 Ng6 20. Qe3 Nf6 21. Nd5
Bxd5 22. Bxd5 Nxd5 23. Rxd5 Rfe8 24. c3 Re7 25. Re1 Rce8 26. Qd4 Re6 27. Qb4
Nf4 28. Rd4 Qc6 29. Nd2 f5 30. Kf1 fxe4 31. Rexe4 Rxe4 32. Rxe4 Rxe4 33. Qxe4
Qxe4 34. Nxe4 d5 35. Nc5 a5 36. g3 Nxh3 37. Ke2 Ng5 38. Ke3 Kf7 39. Kd4 Nf3+
40. Kxd5 g5 41. Ke4 Nd2+ 42. Kf5 Nc4 43. b3 Nxa3 44. Ke4 1/2-1/2

[Event "Championnat de France des Jeunes - Pupil"]
[Site "MONTLUCON"]
[Date "2011.04.18"]
[Round "2.2"]
[White "Broly, Mathilde"]
[Black "Azouni, Anais"]
[Result "1-0"]
[WhiteElo "1634"]
[BlackElo "1396"]
[PlyCount "75"]
[EventDate "2011.??.??"]

1. c4 e5 2. Nc3 Nf6 3. d3 Bb4 4. g3 d5 5. Qa4+ Nc6 6. Bg5 dxc4 7. Nf3 Bd7 8.
Qb5 Bxc3+ 9. bxc3 Nd4 10. Qxe5+ Ne6 11. d4 c5 12. d5 Ng4 13. Bxd8 Nxe5 14. dxe6
Nxf3+ 15. exf3 Bxe6 16. Bg5 O-O 17. Bg2 b5 18. O-O b4 19. Be7 Rfc8 20. cxb4
cxb4 21. Bxb4 Rab8 22. a3 c3 23. Rac1 c2 24. g4 Ba2 25. Rfe1 a5 26. Bxa5 Rb1
27. f4 Rxc1 28. Rxc1 Bb1 29. Be4 Rc4 30. f3 Kf8 31. Bb4+ Ke8 32. Bd3 Rxf4 33.
Kg2 Ba2 34. Rxc2 Bd5 35. Bb5+ Kd8 36. Rd2 Rxg4+ 37. Kh3 Rg5 38. Bc4 1-0

[Event "Championnat de France des Jeunes - Pupil"]
[Site "MONTLUCON"]
[Date "2011.04.18"]
[Round "2.3"]
[White "Mutschler, Marie"]
[Black "Gregoire, Roxanne"]
[Result "1/2-1/2"]
[WhiteElo "1610"]
[BlackElo "1383"]
[PlyCount "96"]
[EventDate "2011.??.??"]

1. d4 d5 2. Nf3 Nf6 3. e3 e6 4. c4 c6 5. a3 Bd6 6. Nc3 O-O 7. Bd3 dxc4 8. Bxc4
Nbd7 9. e4 Bc7 10. e5 Nd5 11. O-O N7b6 12. Bd3 Qe7 13. Ng5 h6 14. Bh7+ Kh8 15.
Qh5 Nd7 16. Nce4 c5 17. Nxc5 Nxc5 18. dxc5 Bxe5 19. Bd3 Bd4 20. Be3 Nxe3 21.
fxe3 Bxe3+ 22. Kh1 Bxg5 23. Qg4 Qxc5 24. Qe4 f5 25. Qe2 b6 26. b4 Qd6 27. Qf3
Rb8 28. Rad1 Bb7 29. Qe2 Qc6 30. Rg1 Rbd8 31. Bb5 Qc7 32. Qxe6 Rxd1 33. Rxd1
Qc2 34. Rg1 Rd8 35. Qe1 Rd2 36. Bf1 h5 37. Qg3 Bd8 38. Qg6 Bf3 39. Qg3 Bc6 40.
Qg6 Bf3 41. Qg3 Bb7 42. Qg6 h4 43. Qh5+ Kg8 44. Qe8+ Kh7 45. Qh5+ Kg8 46. Qe8+
Kh7 47. Qh5+ Kg8 48. Qe8+ Kh7 1/2-1/2

[Event "Championnat de France des Jeunes - Pupil"]
[Site "MONTLUCON"]
[Date "2011.04.18"]
[Round "2.4"]
[White "Moreau, Lauren"]
[Black "Malferrari, Sofia"]
[Result "0-1"]
[WhiteElo "1380"]
[BlackElo "1606"]
[PlyCount "76"]
[EventDate "2011.??.??"]

1. e4 c5 2. Nf3 Nc6 3. Nc3 d6 4. Bc4 e6 5. O-O Nf6 6. d3 Be7 7. Be3 O-O 8. Qd2
d5 9. e5 Ng4 10. d4 dxc4 11. h3 Nxe3 12. fxe3 a6 13. Nh2 cxd4 14. Ne2 dxe3 15.
Qxe3 Qd5 16. Qg3 Qxe5 17. Qg4 b5 18. Qf3 Bb7 19. Qg4 Qe3+ 20. Kh1 Ne5 21. Qg3
Qxe2 22. Rae1 Qxc2 23. Rxe5 Bd6 24. Ng4 Bxe5 25. Nxe5 Rad8 26. Kh2 Rd2 27. Rg1
Qxb2 28. Nf3 Rf2 29. Ne5 Rxg2+ 30. Rxg2 Bxg2 31. Qxg2 Qxe5+ 32. Kg1 Rd8 33. Qc6
Qe1+ 34. Kg2 Rd2+ 35. Kf3 Qh1+ 36. Kf4 Qxc6 37. Kg4 Qe4+ 38. Kg5 Rd5# 0-1

[Event "Championnat de France des Jeunes - Pupil"]
[Site "MONTLUCON"]
[Date "2011.04.18"]
[Round "2.5"]
[White "Le Bihan, Alison"]
[Black "Maynard, Manon"]
[Result "1-0"]
[WhiteElo "1600"]
[BlackElo "1380"]
[PlyCount "57"]
[EventDate "2011.??.??"]

1. d4 e6 2. Nf3 d5 3. g3 Bd6 4. Bg2 Ne7 5. O-O O-O 6. c4 dxc4 7. Qa4 Nd7 8.
Qxc4 Nb6 9. Qd3 f6 10. Nc3 e5 11. dxe5 fxe5 12. Rd1 Bf5 13. e4 Bg4 14. Be3 Nd7
15. Bd2 Rf7 16. Be1 Qf8 17. Rd2 Bxf3 18. Bxf3 Rxf3 19. Qb5 Rd8 20. Qxb7 Nc5 21.
Qxa7 Nc6 22. Qa3 Nxe4 23. Qb3+ Kh8 24. Rdd1 Na5 25. Qd5 Rxf2 26. Qxe4 Nc4 27.
Bxf2 Qf7 28. b3 Na3 29. Rf1 1-0

[Event "Championnat de France des Jeunes - Pupil"]
[Site "MONTLUCON"]
[Date "2011.04.18"]
[Round "2.6"]
[White "Pigeat, Typhaine"]
[Black "Leriche, Ines"]
[Result "0-1"]
[WhiteElo "1360"]
[BlackElo "1585"]
[PlyCount "76"]
[EventDate "2011.??.??"]

1. e4 c6 2. Nf3 d5 3. exd5 cxd5 4. Ne5 Nc6 5. Bb5 Bd7 6. d4 Nxe5 7. dxe5 Bxb5
8. Nc3 Bc6 9. O-O e6 10. Re1 Bc5 11. a3 Qb6 12. Qd2 Ne7 13. b4 Bd4 14. Rd1 Bxe5
15. Ra2 Bxc3 16. Qxc3 O-O 17. Be3 Qb5 18. Rd4 e5 19. Rg4 d4 20. Bxd4 exd4 21.
Qxd4 Ng6 22. c4 Qe5 23. Qxe5 Nxe5 24. Rd4 Rfd8 25. Rad2 Rxd4 26. Rxd4 Re8 27.
Rf4 Nd3 28. h3 Nxf4 29. b5 Bxg2 30. h4 Re6 31. Kh2 Rg6 32. c5 f5 33. h5 Nxh5
34. a4 f4 35. a5 f3 36. Kg1 Rg4 37. c6 Rh4 38. c7 Rh1# 0-1

[Event "Championnat de France des Jeunes - Pupil"]
[Site "MONTLUCON"]
[Date "2011.04.18"]
[Round "2.7"]
[White "Tournebise, Nikita"]
[Black "Schwindling, Marie"]
[Result "1/2-1/2"]
[WhiteElo "1560"]
[BlackElo "1380"]
[PlyCount "35"]
[EventDate "2011.??.??"]

1. e4 e6 2. d4 d5 3. e5 c5 4. c3 Nc6 5. Nf3 Qb6 6. Be2 Nge7 7. Bf4 Qxb2 8. Bc1
Qxa1 9. Qc2 cxd4 10. Qb3 dxc3 11. O-O Na5 12. Qc2 Nec6 13. Bb5 Bd7 14. Bxc6
Nxc6 15. Nxc3 Nb4 16. Qd2 Bb5 17. Nxb5 Rc8 18. Ba3 1/2-1/2

[Event "Championnat de France des Jeunes - Pupil"]
[Site "MONTLUCON"]
[Date "2011.04.18"]
[Round "2.8"]
[White "Adrian, Louise"]
[Black "Hug, Roxana"]
[Result "1-0"]
[WhiteElo "1350"]
[BlackElo "1550"]
[PlyCount "80"]
[EventDate "2011.??.??"]

1. e4 c5 2. Nc3 Nc6 3. f4 d6 4. Bb5 Bd7 5. Nf3 a6 6. Bxc6 Bxc6 7. O-O e6 8. d3
Be7 9. Qe1 e5 10. Qg3 Bf6 11. f5 Rc8 12. Bg5 h6 13. Bxf6 Qxf6 14. Rfe1 b5 15.
a3 Rb8 16. Nd5 Bxd5 17. exd5 Ne7 18. Re2 O-O 19. Rf1 Nxd5 20. Re4 Rbc8 21. Nd2
b4 22. a4 a5 23. Nc4 Ra8 24. Qh4 Qxh4 25. Rxh4 Rfd8 26. Rh3 Nf4 27. Re3 Kh7 28.
g3 Nh5 29. Ref3 Nf6 30. Kh1 e4 31. Re3 d5 32. Nd2 Re8 33. Rf4 d4 34. Re2 e3 35.
Nc4 h5 36. Kg2 Ra6 37. Kh3 Ng4 38. Kh4 Nf2 39. Kxh5 Rh6+ 40. Kg5 f6# 1-0

[Event "Championnat de France des Jeunes - Pupil"]
[Site "MONTLUCON"]
[Date "2011.04.18"]
[Round "2.9"]
[White "Guerin, Juliette"]
[Black "Caloone, Claire"]
[Result "1-0"]
[WhiteElo "1530"]
[BlackElo "1350"]
[PlyCount "37"]
[EventDate "2011.??.??"]

1. e4 e5 2. Bc4 Nc6 3. Nc3 Bc5 4. Qg4 g6 5. Qg3 Nf6 6. Nf3 Nxe4 7. Nxe4 d5 8.
Bxd5 Be7 9. Bxc6+ bxc6 10. Qxe5 O-O 11. O-O Bf5 12. Re1 Re8 13. d3 Bxe4 14.
Rxe4 Bf6 15. Qf4 g5 16. Rxe8+ Qxe8 17. Qxf6 g4 18. Bh6 gxf3 19. Qg7# 1-0

[Event "Championnat de France des Jeunes - Pupil"]
[Site "MONTLUCON"]
[Date "2011.04.18"]
[Round "2.10"]
[White "Lardjane, Indya"]
[Black "Afraoui, Anaelle"]
[Result "0-1"]
[WhiteElo "1350"]
[BlackElo "1503"]
[PlyCount "108"]
[EventDate "2011.??.??"]

1. e4 c5 2. Nf3 e6 3. Nc3 a6 4. Bc4 b5 5. Be2 Qc7 6. d4 cxd4 7. Nxd4 Nc6 8.
Nxc6 Qxc6 9. O-O Bb4 10. Bd2 Ne7 11. Bf3 Bb7 12. e5 Qc8 13. Ne4 Bxd2 14. Nd6+
Kd8 15. Nxc8 Rxc8 16. Qxd2 Bxf3 17. gxf3 Nc6 18. Qg5+ Kc7 19. Qxg7 Rhg8 20.
Qxg8 Rxg8+ 21. Kh1 Nxe5 22. Rg1 Rg6 23. Rxg6 hxg6 24. Kg2 Kc6 25. Re1 Nc4 26.
b3 Nb6 27. c4 bxc4 28. Rc1 d5 29. a4 a5 30. h4 Kc5 31. bxc4 dxc4 32. f4 Nxa4
33. f5 exf5 34. Rd1 c3 35. Rd7 Kb4 36. Rd4+ Kb3 37. Rd6 c2 38. Rc6 Nc3 39. Rb6+
Ka4 40. Rb7 c1=Q 41. Rxf7 Qf4 42. Re7 Qg4+ 43. Kf1 Qxh4 44. f3 g5 45. Kg2 g4
46. fxg4 Qxg4+ 47. Kf2 f4 48. Ke1 Qh4+ 49. Kd2 Qxe7 50. Kxc3 Qe4 51. Kb2 Kb4
52. Ka2 Qe2+ 53. Ka1 Kb3 54. Kb1 Qb2# 0-1

[Event "Championnat de France des Jeunes - Pupillettes"]
[Site "MONTLUCON"]
[Date ""]
[Round "3.1"]
[White "Guerlain, Melanie"]
[Black "Broly, Mathilde"]
[Result "0-1"]
[WhiteElo "1500"]
[BlackElo "1634"]
[Annotator ""]

1. c4 e5 2. Nc3 Nc6 3. g3 d6 4. Bg2 g6 5. Nf3 Bg7 6. d3 h6 7. Bd2 f5 8. Qc2 Nf6
9. e3 O-O 10. O-O Nb4 11. Qb1 c6 12. Ne1 d5 13. a3 Na6 14. cxd5 cxd5 15. Nc2
Nc5 16. Nb4 Nb3 17. Qc2 Nxa1 18. Rxa1 Be6 19. Qb3 Qd7 20. Ncxd5 Rfd8 21. Nxf6+
Bxf6 22. Qc2 Rac8 23. Qd1 a5 24. Nc2 Qxd3 25. Ne1 Qxd2 26. Qxd2 Rxd2 27. Rb1 e4
28. f3 Bd5 29. b4 Ba2 30. fxe4 Bxb1 31. exf5 Rc1 32. Kf1 Bd3+ 33. Kg1 Rxe1+ 34.
Bf1 Rxf1# 0-1

[Event "Championnat de France des Jeunes - Pupillettes"]
[Site "MONTLUCON"]
[Date "2011.04.18"]
[Round "3.2"]
[White "Malferrari, Sofia"]
[Black "Gtari, Aliya"]
[Result "1/2-1/2"]
[WhiteElo "1606"]
[BlackElo "1450"]
[PlyCount "37"]

1. e4 d5 2. exd5 Qxd5 3. Nc3 Qd6 4. d4 a6 5. Nf3 b5 6. a3 Bb7 7. Be3 e6 8. Bd3
Be7 9. O-O Nf6 10. Qe2 O-O 11. Rad1 Nbd7 12. h3 Nb6 13. Rfe1 Rfe8 14. b4 Nfd5
15. Ne4 Qd8 16. Bg5 Bxg5 17. Nfxg5 h6 18. Nf3 Na4 19. Qd2 1/2-1/2

[Event "Championnat de France des Jeunes - Pupillettes"]
[Site "MONTLUCON"]
[Date "2011.04.18"]
[Round "3.3"]
[White "Hadji, Rasmie"]
[Black "Le Bihan, Alison"]
[Result "0-1"]
[WhiteElo "1440"]
[BlackElo "1600"]
[PlyCount "148"]

1. e4 c5 2. Nf3 g6 3. d4 cxd4 4. Nxd4 Nc6 5. Nc3 Bg7 6. Nf3 d6 7. Bb5 Bd7 8.
Be3 Nf6 9. O-O O-O 10. Qd2 a6 11. Be2 Bg4 12. h3 Bxf3 13. Bxf3 Ne5 14. Qe2
Nxf3+ 15. Qxf3 Nd7 16. Rfd1 Re8 17. Qe2 Qc7 18. Qd2 Qc6 19. Bh6 Nc5 20. Bxg7
Kxg7 21. Qd5 Rac8 22. Qxc6 Rxc6 23. f3 Ne6 24. Rd2 Rec8 25. Rc1 Kf8 26. Kf2 Rb6
27. Na4 Rb4 28. b3 Rd4 29. Ke3 Rxd2 30. Kxd2 Nf4 31. Rg1 b5 32. Nc3 Rxc3 33.
Kxc3 Ne2+ 34. Kd2 Nxg1 35. Ke1 f5 36. Kf2 Nxh3+ 37. gxh3 fxe4 38. fxe4 Kf7 39.
Kf3 Kf6 40. Kf4 g5+ 41. Kf3 Ke5 42. c3 h5 43. Ke3 g4 44. h4 g3 45. Kf3 g2 46.
Kxg2 Kxe4 47. Kg3 Ke3 48. c4 bxc4 49. bxc4 e5 50. a4 e4 51. a5 Kd2 52. Kf4 e3
53. Kg5 e2 54. Kxh5 e1=Q 55. Kg5 Qe5+ 56. Kg6 Qxa5 57. h5 Qc3 58. h6 Qxc4 59.
h7 Qh4 60. Kg7 a5 61. h8=Q Qxh8+ 62. Kxh8 a4 63. Kg7 a3 64. Kf6 a2 65. Ke6 a1=Q
66. Kxd6 Qa5 67. Kc6 Kd3 68. Kd6 Ke4 69. Kc6 Kd4 70. Kd6 Qb6+ 71. Kd7 Ke5 72.
Ke7 Qc7+ 73. Kf8 Kf6 74. Kg8 Qg7# 0-1

[Event "Championnat de France des Jeunes - Pupillettes"]
[Site "MONTLUCON"]
[Date "2011.04.18"]
[Round "3.4"]
[White "Leriche, Ines"]
[Black "Aubert, Laurane"]
[Result "0-1"]
[WhiteElo "1585"]
[BlackElo "1420"]
[PlyCount "114"]

1. Nf3 Nf6 2. c4 e6 3. g3 b6 4. Bg2 Bb7 5. O-O Be7 6. d4 O-O 7. Nc3 d5 8. b3 c5
9. cxd5 exd5 10. Bb2 Na6 11. dxc5 bxc5 12. Ne5 Nc7 13. Rc1 Qd6 14. Na4 Ne6 15.
Nd3 Nd7 16. Qd2 Rfd8 17. Rfd1 Rac8 18. Ne1 Nb6 19. Nc3 Bc6 20. f4 Nc7 21. e4 d4
22. e5 Qd7 23. Ne4 Bxe4 24. Bxe4 Ncd5 25. Qd3 g6 26. Bxd5 Nxd5 27. Nc2 Qb7 28.
Na3 Ne3 29. Rd2 Re8 30. Nc4 Nd5 31. Rdc2 Nb4 32. Qd2 Nxc2 33. Rxc2 Qa6 34. Ba1
Qc6 35. Bb2 Qe4 36. Rc1 Red8 37. Re1 Qf5 38. Qa5 Qd7 39. Rc1 Rb8 40. Qd2 Qb5
41. Qe1 Qb4 42. Qe4 Qb7 43. Qe1 a6 44. Na5 Qb6 45. Nc4 Qb5 46. Qd2 Ra8 47. Rf1
a5 48. Rf3 a4 49. Qc2 Rdb8 50. bxa4 Qxa4 51. Rf2 Qxa2 52. Bc1 Qxc2 53. Rxc2 Ra1
54. Kf2 f5 55. Ba3 Kf7 56. Nd6+ Bxd6 57. exd6 Rxa3 0-1

[Event "Championnat de France des Jeunes - Pupillettes"]
[Site "MONTLUCON"]
[Date "2011.04.18"]
[Round "3.5"]
[White "Hug, Roxana"]
[Black "Bellahcene, Anissa"]
[Result "1-0"]
[WhiteElo "1550"]
[BlackElo "1413"]
[PlyCount "75"]

1. e4 e5 2. Nf3 Nc6 3. Nc3 Bc5 4. g3 Nf6 5. Bg2 d6 6. O-O Be6 7. d3 h6 8. Kh1
Qd7 9. a3 Bb6 10. Ng1 Ng4 11. Qe1 h5 12. h3 Nf6 13. Nd5 Nd4 14. Nxf6+ gxf6 15.
Qd1 Qc6 16. c4 Qd7 17. b4 c5 18. b5 a6 19. bxa6 Rxa6 20. Kh2 f5 21. Be3 h4 22.
Bxd4 hxg3+ 23. fxg3 cxd4 24. Qf3 fxe4 25. Qxe4 Bc5 26. Qxb7 Qxb7 27. Bxb7 Rxa3
28. Rxa3 Bxa3 29. Ra1 Kd7 30. Rxa3 Kc7 31. Bf3 Kb6 32. g4 Kc5 33. Ne2 f5 34.
Kg3 f4+ 35. Kg2 Kb4 36. Ra7 Rd8 37. Rb7+ Kc5 38. Rb5# 1-0

[Event "Championnat de France des Jeunes - Pupillettes"]
[Site "MONTLUCON"]
[Date "2011.04.18"]
[Round "3.6"]
[White "Beda, Salome"]
[Black "Guerin, Juliette"]
[Result "1/2-1/2"]
[WhiteElo "1437"]
[BlackElo "1530"]
[PlyCount "107"]

1. e4 e5 2. Nf3 Nc6 3. Bc4 Bc5 4. c3 d6 5. d3 Bg4 6. Bb3 Nf6 7. Nbd2 O-O 8. O-O
d5 9. Qe2 Re8 10. Re1 d4 11. Nf1 h6 12. h3 Bh5 13. Ng3 Bg6 14. Bd2 Nh5 15. cxd4
Nxg3 16. fxg3 Nxd4 17. Nxd4 Bxd4+ 18. Be3 a5 19. Kh2 Ra6 20. Rac1 a4 21. Bc4
Rb6 22. Rc2 Qd6 23. Bd2 Bxb2 24. Ba5 Bd4 25. Bxb6 Bxb6 26. Bb5 Ra8 27. Qg4 c6
28. Bc4 Ba5 29. Rec1 b5 30. Bxf7+ Bxf7 31. Rxc6 Qe7 32. Rxh6 Bd2 33. Rc8+ Rxc8
34. Qxc8+ Qe8 35. Qxe8+ Bxe8 36. Re6 Bf7 37. Rxe5 Bxa2 38. Rxb5 a3 39. Rb8+ Kf7
40. Ra8 Bb4 41. Kg1 Bb1 42. Kf2 a2 43. Ke3 Bc5+ 44. d4 Bb4 45. Kf4 Bc3 46. d5
a1=Q 47. Rxa1 Bxa1 48. Kf5 Ke7 49. g4 Bf6 50. g3 Kd6 51. g5 Be5 52. g4 Bg3 53.
g6 Bd3 54. g5 1/2-1/2

[Event "Championnat de France des Jeunes - Pupillettes"]
[Site "MONTLUCON"]
[Date "2011.04.18"]
[Round "3.8"]
[White "Chung, Mathilde"]
[Black "Duff, Francine"]
[Result "1-0"]
[WhiteElo "1668"]
[BlackElo "1260"]
[PlyCount "77"]

1. d4 d5 2. Nf3 Nf6 3. c4 e6 4. Nc3 c6 5. e3 Nbd7 6. Bd3 dxc4 7. Bxc4 b5 8. Bd3
Bd6 9. O-O O-O 10. e4 e5 11. Bg5 Re8 12. Re1 Bb7 13. Rc1 a6 14. b3 Rc8 15. dxe5
Nxe5 16. Nxe5 Bxe5 17. f3 Qd6 18. Kh1 Bxh2 19. Bxf6 gxf6 20. Qc2 Re5 21. Kxh2
Rh5+ 22. Kg1 Kh8 23. Bf1 Rg8 24. Kf2 Qd4+ 25. Ke2 Rxg2+ 26. Bxg2 Rh2 27. Rg1
Bc8 28. Rcd1 Qc5 29. Kf1 Bh3 30. Rd8+ Kg7 31. Bxh3+ Qxg1+ 32. Kxg1 Rxc2 33. Nd1
Kh6 34. Ne3 Rc1+ 35. Kf2 Ra1 36. Rg8 Rxa2+ 37. Kg3 Ra3 38. Nf5+ Kh5 39. Bg4#
1-0